| 000 | 00630nam a2200193 i 4500 | ||
|---|---|---|---|
| 001 | 000000924 | ||
| 005 | 20260511093550.0 | ||
| 008 | 750326s1965 inua b 001 0 eng | ||
| 040 |
_aDO-SdBNP _bspa _cBNPHU |
||
| 082 |
_a616.362 _bL487e |
||
| 100 | 1 |
_aLeevy, Carroll Moton. _93265 |
|
| 245 | 1 | 0 |
_aEvaluation of liver function in clinical practice / _c[prepared by Carroll M. Leevy]. |
| 260 |
_aIndianapolis : _bLilly Research Laboratories, _c1965. |
||
| 300 |
_a162 p. : _bil. ; _c27 cm. |
||
| 504 | _aBibliography: p. 150-152. | ||
| 500 | _aIncludes index. | ||
| 650 | 0 |
_aEnfermedades hepáticas _93266 |
|
| 650 | 4 |
_aDiagnostico _93267 |
|
| 999 |
_c915 _d915 |
||